Flag descriptions - Statistics

General Stats
  • This quiz has been taken 276 times
  • The average score is 12 of 20
Answer Stats
Hint Country % Correct
Green-White-Red Italy
87%
Green-White-Orange Ireland
79%
White-Blue-Red Russia
76%
Blue-Yellow Ukraine
76%
Blue-White-Red France
72%
Red-White-Blue The Netherlands, Luxembourg
72%
Red-White Indonesia, Monaco
71%
Black-Yellow-Red Belgium
70%
Blue-Black-White Estonia
69%
Blue-Yellow-Red Chad, Romania
66%
Green-White-Green Nigeria
65%
Green-White-Red Hungary
64%
White-Green-Red Bulgaria
58%
Yellow-Green-Red Lithuania
47%
Red-White-Red Peru
47%
Red-Blue-Orange Armenia
40%
Red-White-Black Yemen
39%
Green-Yellow-Red Mali
34%
Red-Yellow-Green Guinea
28%
Blue-Red Haiti
25%
No matching quizzes found
Score Distribution
Percent of People with Each Score
Percentile by Number Answered
Your Score History
You have not taken this quiz